| 000 | 00448 a2200169 4500 | ||
|---|---|---|---|
| 001 | 71365 | ||
| 020 | _a8532204678 | ||
| 040 | _cAnchieta - Colégio São Paulo | ||
| 100 | _aRocha, Ruth | ||
| 240 | 1 | 0 |
_aO velho, o menino e o burro & outras histórias caipiras _lpor |
| 245 | 1 | 0 | _aO velho, o menino e o burro & outras histórias caipiras |
| 300 | _a28 | ||
| 362 | 0 | _a1993 | |
| 440 | 1 | _aFTD | |
| 650 | 4 | _aLiteratura infanto-juvenil | |
| 942 | _cBK | ||
| 999 |
_c71365 _d71365 |
||